| 000 | 00000nam 2200000za 4500 |
| 001 | 9.676804 |
| 003 | CaOODSP |
| 005 | 20230926103528 |
| 007 | cr ||||||||||| |
| 008 | 150407|1985||||xxc|||||o f|0| 0 fre d |
| 040 | |aCaOODSP|bfre |
| 041 | |aeng |
| 041 | |afre |
| 043 | |an-cn--- |
| 086 | 1 |aYX44-1985/I-PDF |
| 110 | 1 |aCanada.|bStatuts. |
| 245 | 10|aLois révisées du Canada (1985). 1er supplément / |h[ressource électronique]|c[publ. par] Imprimeur de la reine pour le Canada. |
| 260 | |aOttawa - Ontario : |bStatuts |cc1988. |
| 300 | |a789p.|bfigures |
| 500 | |a« Révision réalisée sous le régime de la Loi sur les Lois révisées du Canada (1985) »--p.2 de 789. |
| 520 | 3 |a« Ce premier supplément des Lois révisées du Canada (1985) comporte (chapitres 1 à 12) un certain nombre de modifications législatives qui, bien qu'adoptées au 31 décembre 1984, ont été exclues des L.R.C. (1985) parce qu'elles n'étaient pas en vigueur à cette date; mais il comprend surtout (chapitres 13 à 53) les lois — nouvelles ou modificatives — d'intérêt public et général adoptées par le Parlement en 1985, qu'elles aient été ou non en vigueur au moment où il a été établi. »--Présentation, p.4 de 789. |
| 546 | |aBilingue |
| 590 | |a14-22-Supp|b2014-12-24 |
| 691 | 07|aLégislation|2gcpds |
| 776 | 0#|tRevised Statutes of Canada, 1985, Supplement I |w(CaOODSP)9.652953 |
| 791 | |tRevised Statutes of Canada, 1985. 1st supplement / |eeng|w(CaOODSP)9.676803 |
| 856 | 40|ahttp://publications.gc.ca|qPDF|s10.82 Mo|uhttps://publications.gc.ca/collections/collection_2014/lois-statutes/YX44-1985I.pdf |